000 00299nam a2200121Ia 4500
005 20251222141933.0
008 251222s9999||||xx |||||||||||||| ||spa||
082 _a411/N51
100 _aNeyra Reátegui, Hilda
245 0 _aDe la Mano con la Ortografía
264 _bTallares Gráficos
942 _cLIB
999 _c9096
_d9096